[Event "Lichtenberger Sommer"]
[Site "Berlin"]
[Date "2009.08.18"]
[Round "4.20"]
[White "Schindler, Samuel"]
[Black "Voigt, Ingo"]
[Result "1-0"]
[WhiteElo "2260"]
[BlackElo "2046"]
[PlyCount "119"]
[EventDate "2009.??.??"]
[WhiteTeam "SC Pfullendorf"]
[BlackTeam "BSV 63 Chemie Weißensee"]

1. d4 Nf6 2. Bf4 d6 3. e3 c6 4. Nd2 Bf5 5. Be2 Nbd7 6. Ngf3 Nh5 7. Bg5 h6 8.
Bh4 g5 9. Ng1 Nhf6 10. Bg3 e5 11. dxe5 Nxe5 12. Ngf3 Qa5 13. O-O O-O-O 14. Nd4
Bd7 15. c3 Nd5 16. Qc2 h5 17. Nf5 Qc7 18. a3 Ne7 19. Nxe7+ Bxe7 20. Bxe5 dxe5
21. Bd3 Be6 22. Rad1 Kb8 23. Bf5 Qc8 24. Bxe6 Qxe6 25. e4 Rd7 26. b4 Rhd8 27.
Nb3 Qc4 28. Na5 Qe6 29. Rxd7 Qxd7 30. Nc4 f6 31. Rc1 Qd3 32. Qxd3 Rxd3 33. Kf1
b5 34. Na5 Rd6 35. c4 bxc4 36. Rxc4 Kc7 37. b5 c5 38. Nc6 Bf8 39. Nxa7 Kb6 40.
Nc8+ Kxb5 41. Nxd6+ Bxd6 42. Rc3 c4 43. Ke2 Bc5 44. Rf3 Be7 45. Kd2 Kc5 46. Kc3
Bd8 47. a4 g4 48. Rf5 h4 49. Rh5 g3 50. fxg3 hxg3 51. h4 Ba5+ 52. Kc2 Kd4 53.
Rf5 Kxe4 54. Rxf6 Bd8 55. Rg6 Kf5 56. h5 e4 57. Rxg3 Bh4 58. Rh3 Bf2 59. Kd2
e3+ 60. Rxe3 1-0

[Event "Lichtenberger Sommer"]
[Site "Berlin"]
[Date "2009.08.18"]
[Round "4.21"]
[White "Fieguth, Bernd"]
[Black "Behrmann, Joachim"]
[Result "1/2-1/2"]
[WhiteElo "1887"]
[BlackElo "2216"]
[PlyCount "32"]
[EventDate "2009.??.??"]
[WhiteTeam "SF Friedrichshagen"]
[BlackTeam "SK Zehlendorf e.V."]

1. e4 e5 2. Nf3 Nc6 3. Bb5 a6 4. Ba4 Nf6 5. O-O Be7 6. Re1 b5 7. Bb3 d6 8. c3
O-O 9. h3 Nb8 10. d3 c5 11. Nbd2 Be6 12. Bc2 Re8 13. Nf1 Bf8 14. a4 Nc6 15. Bg5
h6 16. axb5 axb5 1/2-1/2

[Event "Lichtenberger Sommer"]
[Site "Berlin"]
[Date "2009.08.18"]
[Round "4.22"]
[White "Muskewitz, Bernd"]
[Black "Schäfer, Erik"]
[Result "0-1"]
[WhiteElo "2004"]
[BlackElo "2164"]
[PlyCount "82"]
[EventDate "2009.??.??"]
[WhiteTeam "TSG Oberschöneweide e.V."]
[BlackTeam "USV TU Dresden"]

1. d4 Nf6 2. c4 g6 3. g3 Bg7 4. Bg2 O-O 5. e4 d6 6. Ne2 Nbd7 7. O-O e5 8. Nbc3
c6 9. h3 Qb6 10. d5 c5 11. Rb1 Ne8 12. Be3 Qd8 13. Qd2 f5 14. Kh2 Nef6 15. Rbe1
Nh5 16. f4 exf4 17. Nxf4 Nxf4 18. Bxf4 Ne5 19. b3 a6 20. Bf3 Qa5 21. Be2 Nxc4
22. Bxc4 Bxc3 23. Qd1 b5 24. Bd3 Bxe1 25. Rxe1 fxe4 26. Rxe4 Bf5 27. Re2 Qc7
28. Bxf5 Rxf5 29. Re6 Rd8 30. Qg4 Rxd5 31. Bh6 Qf7 32. Kg2 Rf5 33. Qe2 Re5 34.
Rxe5 dxe5 35. Qxe5 Qd5+ 36. Qxd5+ Rxd5 37. Kf3 Kf7 38. h4 Ke6 39. Ke4 c4 40.
bxc4 bxc4 41. Bf4 c3 0-1

[Event "Lichtenberger Sommer"]
[Site "Berlin"]
[Date "2009.08.18"]
[Round "4.23"]
[White "Davydov, Ruven"]
[Black "Kohler, Thomas"]
[Result "0-1"]
[WhiteElo "1932"]
[BlackElo "2241"]
[PlyCount "80"]
[EventDate "2009.??.??"]
[WhiteTeam "TuS Makkabi Berlin e.V."]
[BlackTeam "SC Zitadelle Spandau 1977 e.V."]

1. d4 Nf6 2. c4 g6 3. Nc3 Bg7 4. e4 d6 5. f4 c5 6. d5 b5 7. cxb5 a6 8. Nf3 O-O
9. Bc4 axb5 10. Bxb5 Nxe4 11. Nxe4 Qa5+ 12. Nc3 Bxc3+ 13. bxc3 Qxb5 14. Kf2 Qc4
15. Qd2 Nd7 16. Re1 Nf6 17. Qe2 Qxe2+ 18. Rxe2 Nxd5 19. c4 Nb6 20. Rxe7 Nxc4
21. f5 Bxf5 22. Bh6 Rfe8 23. Rae1 Ne5 24. Rxe8+ Rxe8 25. Nxe5 dxe5 26. Rc1 Rc8
27. Rc4 Be6 28. Rc2 c4 29. Rc3 Ra8 30. a3 Rb8 31. h4 Rb2+ 32. Kf1 f6 33. g3 Kf7
34. Ke1 Bd5 35. Bc1 Ra2 36. Bd2 Ke6 37. Ke2 Kf5 38. Ke3 Kg4 39. Be1 h6 40. Bd2
Kxg3 0-1

[Event "Lichtenberger Sommer"]
[Site "Berlin"]
[Date "2009.08.18"]
[Round "4.24"]
[White "Keusch, Horst"]
[Black "Schatz, Dieter"]
[Result "1/2-1/2"]
[WhiteElo "1970"]
[BlackElo "2203"]
[PlyCount "52"]
[EventDate "2009.??.??"]
[WhiteTeam "SC Friesen Lichtenberg e.V."]
[BlackTeam "SK Landau"]

1. f4 d5 2. Nf3 Nf6 3. e3 e6 4. b3 Be7 5. Bb2 O-O 6. Be2 Nbd7 7. O-O b6 8. Ne5
Bb7 9. d4 Ne4 10. Nd2 Nxd2 11. Qxd2 Nf6 12. Bd3 Ne4 13. Bxe4 dxe4 14. c4 f6 15.
Ng4 Qe8 16. Rad1 Qg6 17. Nf2 Rfd8 18. Qe2 a5 19. a4 Bb4 20. Qg4 Qxg4 21. Nxg4
h5 22. Nf2 Kf7 23. Nh1 g6 24. Ng3 Rd7 25. Ne2 Rad8 26. Kf2 Rg8 1/2-1/2

[Event "Lichtenberger Sommer"]
[Site "Berlin"]
[Date "2009.08.18"]
[Round "4.25"]
[White "Kapp, Martin"]
[Black "Schneider, Hans-Joachim"]
[Result "1-0"]
[WhiteElo "2134"]
[BlackElo "2045"]
[PlyCount "79"]
[EventDate "2009.??.??"]
[WhiteTeam "TSV IFA Chemnitz"]
[BlackTeam "Schachpinguine Berlin e.V."]

1. d4 d5 2. c4 c6 3. Nc3 Nf6 4. Nf3 dxc4 5. a4 Bf5 6. Ne5 Nbd7 7. Nxc4 Nb6 8.
Ne5 e6 9. Bg5 Bb4 10. g4 Bg6 11. Bg2 Nbd5 12. Bd2 Ne7 13. g5 Nd7 14. Nxg6 hxg6
15. Ne4 Bxd2+ 16. Qxd2 Nf5 17. a5 Qc7 18. f4 Nh4 19. O-O Nxg2 20. Kxg2 f5 21.
gxf6 gxf6 22. Qb4 O-O-O 23. Nd6+ Kb8 24. Nf7 f5 25. Nxh8 Rxh8 26. Qe7 Qd8 27.
Qxd8+ Rxd8 28. Rf3 Nf6 29. e3 Ne4 30. Rh3 c5 31. Rd1 cxd4 32. Rxd4 Rc8 33. Rh7
Rc2+ 34. Kh3 g5 35. Rd8+ Rc8 36. Rxc8+ Kxc8 37. Re7 gxf4 38. exf4 Nf2+ 39. Kh4
Nd3 40. Kg5 1-0

[Event "Lichtenberger Sommer"]
[Site "Berlin"]
[Date "2009.08.18"]
[Round "4.26"]
[White "Maahs, Erich"]
[Black "Knebel, Lothar"]
[Result "0-1"]
[WhiteElo "2174"]
[BlackElo "1789"]
[PlyCount "62"]
[EventDate "2009.??.??"]
[WhiteTeam "SC Concordia SAbt Palame"]
[BlackTeam "SV Oberkochen"]

1. e4 e6 2. d4 d5 3. e5 c5 4. c3 Nc6 5. Nf3 Bd7 6. Be2 Qb6 7. O-O cxd4 8. cxd4
Nge7 9. Na3 Nf5 10. Nc2 Be7 11. b3 O-O 12. Bd3 Nb4 13. Nxb4 Bxb4 14. Bb2 Rac8
15. g4 Ne7 16. Rc1 Ng6 17. a4 Nf4 18. Rxc8 Rxc8 19. Qb1 Bc3 20. Bc1 Nxd3 21.
Qxd3 Qxb3 22. Ng5 g6 23. Qh3 h5 24. gxh5 gxh5 25. Qxh5 Qc2 26. Qxf7+ Kh8 27.
Qxd7 Bxd4 28. Qxe6 Bxf2+ 29. Kh1 Rf8 30. Qxd5 Qe2 31. e6 Qxf1# 0-1

[Event "Lichtenberger Sommer"]
[Site "Berlin"]
[Date "2009.08.18"]
[Round "4.27"]
[White "Friedrich, Wiede"]
[Black "Bauder, Herbert"]
[Result "1-0"]
[WhiteElo "2087"]
[BlackElo "2027"]
[PlyCount "41"]
[EventDate "2009.??.??"]
[WhiteTeam "USV Potsdam e.V., Abt. Schach"]
[BlackTeam "SG Lasker Steglitz-Wilmersdorf"]

1. d4 Nf6 2. c4 g6 3. Nc3 Bg7 4. e4 d6 5. Nf3 O-O 6. Be2 e5 7. dxe5 dxe5 8.
Qxd8 Rxd8 9. Bg5 c6 10. Nxe5 Re8 11. O-O-O Nxe4 12. Nxe4 Bxe5 13. Rhe1 Bf5 14.
Ng3 Be6 15. f4 Bc7 16. Ne4 Nd7 17. Rxd7 Bxd7 18. Nf6+ Kg7 19. Nxd7 Ba5 20. Bf6+
Kh6 21. g4 1-0

[Event "Lichtenberger Sommer"]
[Site "Berlin"]
[Date "2009.08.18"]
[Round "4.28"]
[White "Schnitzer, Peter"]
[Black "Mayer, Herbert"]
[Result "1/2-1/2"]
[WhiteElo "2183"]
[BlackElo "1917"]
[PlyCount "32"]
[EventDate "2009.??.??"]
[WhiteTeam "SC Kreuzberg e.V."]
[BlackTeam "SC Rochade e.V."]

1. d4 d5 2. Bf4 Nf6 3. e3 g6 4. c4 Bg7 5. Nc3 c6 6. Rc1 O-O 7. Nf3 Qa5 8. Qb3
Nbd7 9. Bg3 dxc4 10. Bxc4 Nb6 11. Bxf7+ Rxf7 12. Ne5 e6 13. Nxf7 Kxf7 14. O-O
Nbd5 15. f3 Nxe3 16. Ne4 Nxe4 1/2-1/2

[Event "Lichtenberger Sommer"]
[Site "Berlin"]
[Date "2009.08.18"]
[Round "4.29"]
[White "Belger, Christian"]
[Black "Wasem, Ralph"]
[Result "1/2-1/2"]
[WhiteElo "1975"]
[BlackElo "2133"]
[PlyCount "124"]
[EventDate "2009.??.??"]
[WhiteTeam "USV Potsdam e.V., Abt. Schach"]
[BlackTeam "SK Landau"]

1. e4 d5 2. exd5 Qxd5 3. Nc3 Qa5 4. d4 Nf6 5. Bc4 Bf5 6. Nge2 c6 7. Bd2 Qc7 8.
Bf4 Qb6 9. Qd2 e6 10. f3 Nbd7 11. g4 Bg6 12. O-O-O Nd5 13. Bxd5 cxd5 14. h4 h5
15. Bg3 hxg4 16. fxg4 Nf6 17. Qf4 Ne4 18. Nxe4 Bxe4 19. Rhf1 f6 20. Nc3 Bh7 21.
Rde1 Kd7 22. g5 f5 23. Qe5 Qd6 24. h5 Be7 25. Qxd6+ Bxd6 26. Bxd6 Kxd6 27. g6
Bg8 28. Rh1 Rf8 29. Re5 f4 30. Kd2 Rf6 31. Rg1 Rf5 32. Rxf5 exf5 33. Rh1 Be6
34. Ne2 f3 35. Nf4 b5 36. Rh3 f2 37. Ke2 f1=Q+ 38. Kxf1 Bd7 39. Re3 Rc8 40. Re5
Rxc2 41. h6 gxh6 42. Nxd5 Be6 43. Nf4 Bc4+ 44. Kg1 Rd2 45. b3 Rxd4 46. Rxf5 Bg8
47. Kg2 Ke7 48. Kg3 Rd2 49. Kg4 b4 50. Ra5 Rd7 51. Rb5 Rd4 52. Kf5 Kd6 53. Ra5
Rd2 54. Rxa7 Rf2 55. Ra6+ Ke7 56. Ke5 Rf3 57. Ra7+ Kf8 58. Kf5 h5 59. Kg5 h4
60. Kg4 Rf1 61. Nh5 Rg1+ 62. Kxh4 Rxg6 1/2-1/2

[Event "Lichtenberger Sommer"]
[Site "Berlin"]
[Date "2009.08.18"]
[Round "4.30"]
[White "Amelang, Thomas"]
[Black "Hohn, August"]
[Result "1/2-1/2"]
[WhiteElo "2176"]
[BlackElo "2069"]
[PlyCount "50"]
[EventDate "2009.??.??"]
[WhiteTeam "SK Siemens München"]
[BlackTeam "SC Zugzwang 95 e.V."]

1. e4 c6 2. d4 d5 3. Nc3 dxe4 4. Nxe4 Nd7 5. Ng5 e6 6. Bd3 Be7 7. N1f3 Ngf6 8.
Qe2 Nd5 9. O-O Qc7 10. Ne5 Nxe5 11. dxe5 Bxg5 12. Bxg5 h6 13. Bd2 Bd7 14. c4
Ne7 15. b4 b6 16. a4 c5 17. a5 Rd8 18. axb6 axb6 19. b5 Nf5 20. Ra3 Bc8 21. Bc1
Nd4 22. Qe3 Bb7 23. Bb2 O-O 24. Ra7 Qb8 25. Rfa1 Nb3 1/2-1/2

[Event "Lichtenberger Sommer"]
[Site "Berlin"]
[Date "2009.08.18"]
[Round "4.31"]
[White "Badestein, Hartmut"]
[Black "Schüler, Wolfgang"]
[Result "1-0"]
[WhiteElo "2182"]
[BlackElo "1998"]
[PlyCount "85"]
[EventDate "2009.??.??"]
[WhiteTeam "SC Friesen Lichtenberg e.V."]
[BlackTeam "SC Friesen Lichtenberg e.V."]

1. e4 e5 2. Nf3 Nc6 3. Bb5 a6 4. Ba4 Nf6 5. O-O Be7 6. Bxc6 dxc6 7. Qe1 Nd7 8.
b3 O-O 9. Bb2 Bf6 10. d3 Re8 11. Nbd2 b5 12. Qe3 Bb7 13. Rfe1 c5 14. a4 c6 15.
Nf1 g6 16. h3 Bg7 17. Ng3 Qe7 18. Ba3 Qf8 19. Nh2 Bh6 20. Qf3 Rad8 21. Ng4 Bg7
22. Bc1 h5 23. Nh2 f6 24. Ngf1 Qe7 25. g4 h4 26. Ne3 Bf8 27. Ng2 g5 28. Ne3 Qe6
29. Bd2 Ra8 30. Nhf1 Kg7 31. Nf5+ Kg6 32. N1e3 Red8 33. Kh2 Re8 34. Rg1 Kh7 35.
Qe2 Be7 36. Nxe7 Qxe7 37. Nf5 Qf7 38. Be3 Qf8 39. Qd2 b4 40. Bxg5 fxg5 41. Qxg5
Qf6 42. Qh5+ Kg8 43. Nh6+ 1-0

[Event "Lichtenberger Sommer"]
[Site "Berlin"]
[Date "2009.08.18"]
[Round "4.32"]
[White "Tong, Lukas Fabian Chuan"]
[Black "Hertwig, Christopher"]
[Result "0-1"]
[WhiteElo "1869"]
[BlackElo "2063"]
[PlyCount "90"]
[EventDate "2009.??.??"]
[WhiteTeam "SC Erlangen 48/88"]
[BlackTeam "SK König Tegel 1949 e.V."]

1. d4 Nf6 2. c4 g6 3. Nc3 d5 4. cxd5 Nxd5 5. Nf3 Bg7 6. Qb3 Nb6 7. e3 Be6 8.
Qd1 O-O 9. Be2 Na6 10. O-O Rc8 11. Bxa6 bxa6 12. Ne4 f5 13. Nc5 Bd5 14. Bd2 e5
15. Nxe5 Bxe5 16. dxe5 Qe7 17. Rc1 Bc4 18. Re1 Qxc5 19. b3 Rcd8 20. bxc4 Qxe5
21. Qc2 Qe4 22. Qxe4 fxe4 23. Ba5 Rf5 24. c5 Nd5 25. Red1 Rb8 26. Rd4 Rb2 27.
Be1 Nf6 28. Rd2 Rxd2 29. Bxd2 Ng4 30. Be1 Ne5 31. Ba5 Nd3 32. Rc2 c6 33. g4
Rxc5 34. Rxc5 Nxc5 35. Bb4 Nd3 36. Bd6 c5 37. Kf1 c4 38. Ke2 Kf7 39. Ba3 Ke6
40. f3 Kd5 41. fxe4+ Kxe4 42. Bd6 c3 43. Kd1 Kxe3 44. Bb8 Nb4 45. Bxa7+ Kd3 0-1

[Event "Lichtenberger Sommer"]
[Site "Berlin"]
[Date "2009.08.18"]
[Round "4.34"]
[White "Handel, Horst"]
[Black "Nieber, Alexander"]
[Result "1/2-1/2"]
[WhiteElo "2127"]
[BlackElo "1826"]
[PlyCount "128"]
[EventDate "2009.??.??"]
[WhiteTeam "SC Friesen Lichtenberg e.V."]
[BlackTeam "SG Aufbau Elbe Magdeburg"]

1. c4 Nf6 2. g3 d5 3. cxd5 Nxd5 4. Bg2 Nb6 5. b3 e5 6. Bb2 Bd6 7. d3 O-O 8. Nf3
Nc6 9. O-O a5 10. Nc3 f5 11. Nd2 Bc5 12. Rc1 Qe7 13. Nd5 Nxd5 14. Bxd5+ Kh8 15.
Qc2 Bd4 16. Bxc6 Bxb2 17. Qxb2 bxc6 18. Nc4 Re8 19. Qa3 c5 20. Ne3 f4 21. Nd5
Qd7 22. Qxc5 Bb7 23. Nc3 f3 24. Qe3 Rf8 25. Ne4 Qg4 26. Rxc7 Bd5 27. exf3 Rxf3
28. Qg5 Qxg5 29. Nxg5 Rxd3 30. Nf7+ Bxf7 31. Rxf7 Kg8 32. Re7 Rd2 33. Rxe5 Rxa2
34. Rfe1 Rb2 35. Re8+ Rxe8 36. Rxe8+ Kf7 37. Ra8 Rxb3 38. Rxa5 g6 39. Ra6 h5
40. Kg2 Rb4 41. h3 Kg7 42. Rc6 Ra4 43. Rc3 Kf6 44. h4 Rb4 45. Kf3 Ra4 46. Ke3
Rb4 47. f3 Ra4 48. Rd3 Ra5 49. Rd4 Re5+ 50. Re4 Rd5 51. Rf4+ Kg7 52. Rd4 Rb5
53. Kf4 Rf5+ 54. Ke4 Ra5 55. Rb4 Kf6 56. Rb6+ Kg7 57. Rd6 Rb5 58. Rd5 Rb4+ 59.
Ke5 Rb3 60. Rd7+ Kh6 61. Ke4 Rb4+ 62. Rd4 Rb3 63. Kf4 Rb5 64. Ke4 Ra5 1/2-1/2

[Event "Lichtenberger Sommer"]
[Site "Berlin"]
[Date "2009.08.18"]
[Round "4.35"]
[White "Kapr, Klaus"]
[Black "Kurbel, Horst-Peter"]
[Result "1/2-1/2"]
[WhiteElo "2044"]
[BlackElo "1888"]
[PlyCount "82"]
[EventDate "2009.??.??"]
[WhiteTeam "SC Friesen Lichtenberg e.V."]
[BlackTeam "SV Empor Berlin e.V."]

1. e4 c5 2. Nf3 d6 3. d4 cxd4 4. Nxd4 Nf6 5. Nc3 a6 6. Be2 e5 7. Nb3 Be6 8. O-O
Nbd7 9. Be3 Rc8 10. f3 Be7 11. a4 O-O 12. Qd2 Qc7 13. Rfd1 Nb6 14. a5 Nc4 15.
Bxc4 Qxc4 16. Ra4 Qc6 17. Rb4 Nd7 18. Nd5 Bxd5 19. exd5 Qxc2 20. Rxb7 Qxd2 21.
Rxd2 Rfd8 22. Bb6 Nxb6 23. axb6 Bg5 24. Re2 Rb8 25. Na5 Rxb7 26. Nxb7 Rb8 27.
Nxd6 Be7 28. Nc4 Bc5+ 29. Kf1 Bxb6 30. Rxe5 Kf8 31. d6 f6 32. Re4 Bc5 33. f4
Rd8 34. Re6 f5 35. g3 Kf7 36. Re7+ Kf6 37. Ne5 Bxd6 38. Rf7+ Ke6 39. Rxg7 Bxe5
40. fxe5 Rd7 41. Rg8 Kxe5 1/2-1/2

[Event "Lichtenberger Sommer"]
[Site "Berlin"]
[Date "2009.08.18"]
[Round "4.36"]
[White "Zschäbitz, Klaus"]
[Black "Batschari, Alexander"]
[Result "1-0"]
[WhiteElo "2101"]
[BlackElo "1808"]
[PlyCount "47"]
[EventDate "2009.??.??"]
[WhiteTeam "BSG 1827 Eckbauer e.V."]
[BlackTeam "SV Königsjäger Süd-West e.V."]

1. d4 Nf6 2. Nf3 e6 3. e3 b6 4. Bd3 Bb7 5. Nbd2 d5 6. O-O c5 7. b3 cxd4 8. exd4
Bd6 9. Re1 O-O 10. a3 Nc6 11. Bb2 Rc8 12. Ne5 Qe7 13. Re3 Rc7 14. Qe2 Rfc8 15.
c4 Nd8 16. b4 dxc4 17. Ndxc4 Nd5 18. Bxh7+ Kf8 19. Rg3 Rxc4 20. Bd3 Nf4 21. Qg4
Bxe5 22. dxe5 Nh3+ 23. Rxh3 f5 24. Rh8+ 1-0

[Event "Lichtenberger Sommer"]
[Site "Berlin"]
[Date "2009.08.18"]
[Round "4.37"]
[White "Küster, Manfred"]
[Black "Ozeran, Volodymyr"]
[Result "1/2-1/2"]
[WhiteElo "1903"]
[BlackElo "2064"]
[PlyCount "125"]
[EventDate "2009.??.??"]
[WhiteTeam "BSC Rehberge 1945 e.V."]
[BlackTeam "SK Dessau 93 e. V."]

1. d4 Nf6 2. c4 e6 3. Nc3 Bb4 4. f3 d5 5. a3 Bxc3+ 6. bxc3 Nbd7 7. e3 O-O 8.
Bd3 c5 9. Ne2 dxc4 10. Bxc4 e5 11. O-O exd4 12. cxd4 cxd4 13. Nxd4 Ne5 14. Ba2
b6 15. Qe2 Bb7 16. Bb2 Bd5 17. Rfd1 Bxa2 18. Rxa2 Qd5 19. Ba1 Qc4 20. Rc2 Qxe2
21. Nxe2 Ned7 22. Rcd2 Rfc8 23. e4 Nf8 24. Bxf6 gxf6 25. Nf4 Rc5 26. Nd5 Kg7
27. Ne7 Re8 28. Nf5+ Kg8 29. Rd6 h5 30. R1d3 Ne6 31. g3 Rc1+ 32. Rd1 Rxd1+ 33.
Rxd1 Rd8 34. Ne7+ Kg7 35. Rxd8 Nxd8 36. Nc8 Nc6 37. Kf2 b5 38. Ke3 a6 39. Nd6
Kg6 40. h4 b4 41. axb4 Nxb4 42. Kd2 Nc6 43. f4 Ne7 44. f5+ Kg7 45. Ne8+ Kh6 46.
Nxf6 Nc6 47. Kc3 a5 48. Kc4 a4 49. Nd5 a3 50. Kb3 Nd4+ 51. Kxa3 Ne2 52. e5 Nxg3
53. Ne7 Ne4 54. Kb4 Nd2 55. Kc5 Nf3 56. Kd6 Nxh4 57. f6 Nf3 58. Nd5 h4 59. Nf4
Kh7 60. e6 fxe6 61. Nxe6 Kg6 62. Ke7 Ne5 63. Nf4+ 1/2-1/2

[Event "Lichtenberger Sommer"]
[Site "Berlin"]
[Date "2009.08.18"]
[Round "4.38"]
[White "Welz, Peter"]
[Black "Brüning, Wolfgang"]
[Result "1-0"]
[WhiteElo "2101"]
[BlackElo "1946"]
[PlyCount "67"]
[EventDate "2009.??.??"]
[WhiteTeam "SV Empor Berlin e.V."]
[BlackTeam "Queer-Springer SSV Berlin"]

1. e4 c5 2. c3 Nf6 3. d3 e5 4. f4 Nc6 5. Nf3 d6 6. Be2 exf4 7. Bxf4 Nh5 8. Be3
Be7 9. O-O Bg4 10. d4 O-O 11. d5 Nb8 12. c4 Nd7 13. Nc3 g6 14. e5 dxe5 15. d6
Bf6 16. Ne4 b6 17. h3 Bf5 18. Nxf6+ Nhxf6 19. Bg5 Re8 20. Nh4 Be4 21. Bg4 h6
22. Bxd7 hxg5 23. Bxe8 gxh4 24. Ba4 Bf5 25. Re1 e4 26. Qd2 Nh5 27. Bc6 Rc8 28.
Bxe4 Bd7 29. Bxg6 fxg6 30. Re7 Be8 31. Qd5+ Kh8 32. Rf1 Bc6 33. Qe5+ Kg8 34.
Qe6+ 1-0

[Event "Lichtenberger Sommer"]
[Site "Berlin"]
[Date "2009.08.18"]
[Round "4.39"]
[White "Bendfeldt, Tim"]
[Black "Lerch, Philipp"]
[Result "1/2-1/2"]
[WhiteElo "2064"]
[BlackElo "1905"]
[PlyCount "77"]
[EventDate "2009.??.??"]
[WhiteTeam "Kieler SG von 1884 / Meerbauer"]
[BlackTeam "TuS Makkabi Berlin e.V."]

1. d4 d5 2. c4 c6 3. Nc3 Nf6 4. e3 e6 5. cxd5 exd5 6. Bd3 Bd6 7. Bd2 O-O 8. h3
Re8 9. Qc2 Nbd7 10. Nge2 Nf8 11. f3 c5 12. Bb5 Bd7 13. O-O a6 14. Bxd7 Qxd7 15.
Rad1 Ne6 16. Na4 Qb5 17. Nac3 Qc6 18. Kh1 cxd4 19. exd4 b5 20. a3 Qb6 21. Qd3
Qc7 22. Rc1 Qc4 23. Qb1 Nxd4 24. Nxb5 Qxe2 25. Nxd6 Qxd2 26. Rfd1 Qf4 27. Nxe8
Rxe8 28. Qd3 Ne2 29. Rc2 Ng3+ 30. Kg1 Nf5 31. Re2 Rxe2 32. Qxe2 Qe3+ 33. Qxe3
Nxe3 34. Rd3 Nf5 35. g4 Ne7 36. Re3 Kf8 37. b4 Nc6 38. Rc3 Nd8 39. Rc5 1/2-1/2

[Event "Lichtenberger Sommer"]
[Site "Berlin"]
[Date "2009.08.18"]
[Round "4.40"]
[White "Lieder, Günter"]
[Black "Costello, Colin"]
[Result "0-1"]
[WhiteElo "1873"]
[BlackElo "2038"]
[PlyCount "48"]
[EventDate "2009.??.??"]
[WhiteTeam "SK Turm Bad Hersfeld"]
[BlackTeam "SC Weisse Dame e.V."]

1. c4 e5 2. Nc3 Nc6 3. g3 Nf6 4. Bg2 Bc5 5. d3 O-O 6. e3 d6 7. Nge2 Re8 8. a3
a5 9. O-O Bg4 10. Qb3 Rb8 11. Re1 Qd7 12. Nb5 Bb6 13. Bd2 Rbd8 14. Nec3 Qf5 15.
Na4 Bf3 16. Nxb6 cxb6 17. Nc7 e4 18. Nxe8 Rxe8 19. d4 Ng4 20. Rf1 Nxh2 21. Kxh2
Re6 22. Rh1 Rh6+ 23. Kg1 Rxh1+ 24. Kxh1 Qh3+ 0-1

[Event "Lichtenberger Sommer"]
[Site "Berlin"]
[Date "2009.08.18"]
[Round "4.41"]
[White "Yuan, Yizheng"]
[Black "Kayser, Stefan"]
[Result "1/2-1/2"]
[WhiteElo "1770"]
[BlackElo "1964"]
[PlyCount "211"]
[EventDate "2009.??.??"]
[WhiteTeam "Schachpinguine Berlin e.V."]
[BlackTeam "Schachclub Oranienburg e.V."]

1. e4 c6 2. d4 d5 3. Nc3 dxe4 4. Nxe4 Bf5 5. Ng3 Bg6 6. Nf3 Nd7 7. h4 h6 8. h5
Bh7 9. Bd3 Bxd3 10. Qxd3 e6 11. Bf4 Qa5+ 12. Bd2 Qc7 13. O-O-O Ngf6 14. Kb1 Bd6
15. Ne4 Nxe4 16. Qxe4 Nf6 17. Qe2 O-O-O 18. c4 c5 19. Bc3 cxd4 20. Nxd4 a6 21.
Nb3 Bc5 22. Nxc5 Qxc5 23. Qf3 Rxd1+ 24. Rxd1 Qxh5 25. Qd3 Qg6 26. Qxg6 fxg6 27.
Bxf6 gxf6 28. Rd6 Re8 29. b4 Kc7 30. c5 f5 31. Kc2 g5 32. Kc3 h5 33. a4 h4 34.
b5 axb5 35. axb5 g4 36. b6+ Kc8 37. c6 bxc6 38. Rxc6+ Kb7 39. Rc7+ Kxb6 40. Rh7
Kc5 41. Kd3 Ra8 42. Rxh4 Ra3+ 43. Ke2 Kd4 44. Rh6 Ra2+ 45. Kf1 e5 46. Rd6+ Ke4
47. Rb6 Rc2 48. Rb3 f4 49. Ra3 f3 50. Re3+ Kf4 51. gxf3 gxf3 52. Re1 Rc4 53.
Rd1 Ke4 54. Ke1 Rc8 55. Kf1 Rc3 56. Ke1 Rc6 57. Kf1 Rc7 58. Kg1 Rc3 59. Kf1 Rd3
60. Rc1 Kd4 61. Ke1 Rb3 62. Rd1+ Kc3 63. Rc1+ Kd3 64. Rd1+ Kc2 65. Rd2+ Kc3 66.
Rd1 Rb2 67. Rc1+ Rc2 68. Ra1 Re2+ 69. Kf1 Rb2 70. Ke1 Kc2 71. Rd1 Rb4 72. Ra1
Re4+ 73. Kf1 Kb2 74. Ra8 Re2 75. Rb8+ Kc2 76. Ra8 Rd2 77. Rc8+ Kd1 78. Ra8 Rd4
79. Ra1+ Kc2 80. Ke1 Re4+ 81. Kf1 Rb4 82. Ke1 Rb2 83. Rd1 Kc3 84. Rc1+ Kb3 85.
Rc8 Re2+ 86. Kf1 e4 87. Rb8+ Kc2 88. Ra8 Kb2 89. Rb8+ Kc1 90. Ra8 Rb2 91. Rc8+
Rc2 92. Ra8 Rc7 93. Ra6 Rd7 94. Rc6+ Kd2 95. Ra6 Kc2 96. Rc6+ Kd3 97. Ke1 Rh7
98. Rd6+ Kc4 99. Kd2 Rh1 100. Ke3 Re1+ 101. Kf4 Kc3 102. Rd8 Re2 103. Rd7 Rd2
104. Re7 Rxf2 105. Rxe4 Re2 106. Kxf3 1/2-1/2

[Event "Lichtenberger Sommer"]
[Site "Berlin"]
[Date "2009.08.18"]
[Round "4.42"]
[White "Sabrowski, Uwe"]
[Black "Herrmann, Eberhard"]
[Result "1-0"]
[WhiteElo "2127"]
[BlackElo "1827"]
[PlyCount "59"]
[EventDate "2009.??.??"]
[WhiteTeam "SC Friesen Lichtenberg e.V."]
[BlackTeam "SC Friesen Lichtenberg e.V."]

1. d4 d5 2. c4 e6 3. Nc3 Nf6 4. Bg5 Be7 5. e3 Nbd7 6. Nf3 b6 7. cxd5 Nxd5 8.
Nxd5 Bxg5 9. Nxc7+ Qxc7 10. Nxg5 Bb7 11. f4 Qd6 12. Qd2 h6 13. Nf3 O-O 14. Bd3
Nf6 15. O-O Qd5 16. Qe2 Rac8 17. Rfe1 Rc7 18. e4 Qa5 19. Qd2 Qa4 20. a3 Rfc8
21. Rad1 Ba6 22. Bb1 Qb3 23. Rc1 Bc4 24. Re3 Qa4 25. Rec3 Rc6 26. Ne5 Bb5 27.
Nxc6 Rxc6 28. Rxc6 Bxc6 29. Qb4 Qa6 30. Qc4 1-0

[Event "Lichtenberger Sommer"]
[Site "Berlin"]
[Date "2009.08.18"]
[Round "4.43"]
[White "Krusemark, Gerhard"]
[Black "Kirchhof, Arno"]
[Result "0-1"]
[WhiteElo "1858"]
[BlackElo "2068"]
[PlyCount "106"]
[EventDate "2009.??.??"]
[WhiteTeam "TSG Rot-Weiß Fredersdorf/Vogelsd"]
[BlackTeam "SC Garching 1980 e.V."]

1. e4 e6 2. d4 d5 3. Nd2 c5 4. exd5 exd5 5. dxc5 Bxc5 6. Ngf3 Nc6 7. Nb3 Bd6 8.
Bb5 Nge7 9. h3 O-O 10. O-O Bf5 11. c3 Bc7 12. Bg5 Qd6 13. Bh4 Qg6 14. Kh1 Be4
15. Bxe7 Nxe7 16. Nbd4 Nf5 17. Be2 Rfe8 18. Qd2 Nxd4 19. Qxd4 Qd6 20. g3 f5 21.
Kh2 f4 22. g4 Bb6 23. Qd2 Re6 24. Rad1 Rd8 25. Kg1 Rh6 26. Kh2 Kh8 27. Kg2 Rg6
28. Rg1 Qc5 29. Qd4 Qxd4 30. cxd4 Rc6 31. Kh2 Rc2 32. Rd2 Rdc8 33. Rgd1 Ba5 34.
Rxc2 Rxc2 35. Ng1 Rxb2 36. Rc1 Rc2 37. Rb1 Bb6 38. Rb5 Rxa2 39. h4 h6 40. Kh3
Ra3+ 41. f3 Bd3 42. Rxd5 Bxe2 43. Nxe2 Rxf3+ 44. Kg2 Rd3 45. Nxf4 Rxd4 46. Rf5
Kg8 47. Kf3 Rd6 48. Ke4 g6 49. Rb5 Kf7 50. Ke5 Rc6 51. Kd5 Ke7 52. Ke5 Bc7+ 53.
Kd5 Bxf4 0-1

[Event "Lichtenberger Sommer"]
[Site "Berlin"]
[Date "2009.08.18"]
[Round "4.44"]
[White "Schmidt, Jürgen"]
[Black "Schütt, Tobias"]
[Result "1-0"]
[WhiteElo "2035"]
[BlackElo "1697"]
[PlyCount "63"]
[EventDate "2009.??.??"]
[WhiteTeam "SC Kreuzberg e.V."]
[BlackTeam "SC Friesen Lichtenberg e.V."]

1. e4 c5 2. Nf3 Nc6 3. d4 cxd4 4. Nxd4 e5 5. Nb5 a6 6. Nd6+ Bxd6 7. Qxd6 Qe7 8.
Qd1 Nf6 9. Nc3 O-O 10. Bg5 Nd4 11. Bd3 Qe6 12. O-O b5 13. Nd5 Nxd5 14. exd5
Qxd5 15. Re1 f5 16. Bf1 Bb7 17. c3 Ne6 18. Qxd5 Bxd5 19. Rxe5 Be4 20. Be7 Rfe8
21. Bd6 g6 22. a4 Bc6 23. axb5 axb5 24. Rae1 Ng7 25. f3 Rxe5 26. Rxe5 Re8 27.
Kf2 Rxe5 28. Bxe5 d5 29. Bxg7 Kxg7 30. Ke3 Kf6 31. Kd4 Ke6 32. Kc5 1-0